Schauspieler, die mit David Cronenberg zusammengearbeitet haben - Statistiken

Allgemein
  • Dieses Quiz wurde 6 mal gespielt
  • Das Durchschnittsergebnis liegt bei 14 aus 40
Antwortstatistiken
Film Schauspieler/in % Korrekt
Die Fliege Jeff Goldblum
83%
A History of Violence, Tödliche Versprechen – Eastern Promises, Eine dunkle Begierde, Crimes of the Future Viggo Mortensen
83%
Die Fliege Geena Davis
67%
eXistenZ Jennifer Jason Leigh
67%
Die Unzertrennlichen, M. Butterfly Jeremy Irons
67%
eXistenZ Jude Law
67%
Cosmopolis, Maps to the Stars Robert Pattinson
67%
Dead Zone Christopher Walken
50%
A History of Violence Ed Harris
50%
Videodrome James Woods
50%
Naked Lunch Judy Davis
50%
Maps to the Stars Julianne Moore
50%
Eine dunkle Begierde Keira Knightley
50%
Tödliche Versprechen – Eastern Promises Naomi Watts
50%
Naked Lunch Peter Weller
50%
Tödliche Versprechen – Eastern Promises Armin Mueller-Stahl
33%
Naked Lunch, eXistenZ Ian Holm
33%
Crash James Spader
33%
Crimes of the Future Kristen Stewart
33%
Dead Zone Martin Sheen
33%
Tödliche Versprechen – Eastern Promises, Eine dunkle Begierde Vincent Cassel
33%
eXistenZ Willem Dafoe
33%
eXistenZ Christopher Eccleston
17%
Crash Holly Hunter
17%
Maps to the Stars John Cusack
17%
10.000 PS – Vollgasrausch im Grenzbereich John Saxon
17%
Cosmopolis Juliette Binoche
17%
Cosmopolis Kevin Durand
17%
Crimes of the Future Léa Seydoux
17%
A History of Violence Maria Bello
17%
Rabid – Der brüllende Tod Marilyn Chambers
17%
Cosmopolis Mathieu Amalric
17%
Eine dunkle Begierde Michael Fassbender
17%
Spider Miranda Richardson
17%
Die Brut Oliver Reed
17%
Scanners – Ihre Gedanken können töten Patrick McGoohan
17%
Cosmopolis Paul Giamatti
17%
Spider Ralph Fiennes
17%
Naked Lunch Roy Scheider
17%
Die Brut Samantha Eggar
17%
Keine übereinstimmenden Quizze gefunden
Verteilung der Resultate
Anzahl Personen mit jedem Resultat
Perzentil nach korrekt beantworteten Fragen
Ihre Resultats-Entwicklung
Sie haben dieses Quiz noch nicht gespielt